[Event "Kaluga Tsiolkovsky Memorial op"]
[Site "Kaluga"]
[Date "2016.08.14"]
[Round "8"]
[White "Litvinova, Evgenia"]
[Black "Danielian, Artem"]
[Result "1-0"]
[WhiteElo "1666"]
[BlackElo "1295"]
[PlyCount "79"]
[EventDate "2016.08.06"]
[EventType "swiss"]
[EventRounds "9"]
[EventCountry "RUS"]
[SourceTitle "CBM 174 Extra"]
[Source "ChessBase"]
[SourceDate "2016.10.10"]
[SourceVersion "1"]
[SourceVersionDate "2016.10.10"]
[SourceQuality "1"]

1. Nf3 Nc6 2. g3 e5 3. d3 Nf6 4. Bg2 g6 5. b3 Bg7 6. Bb2 0-0 7. 0-0 d6 8. c4 Be6 9. Nbd2 a6 10. Ng5 Bd7 11. a3 Bh6 12. Ngf3 b5 13. c5 Qe7 14. cxd6 cxd6 15. Ne1 Ra7 16. Nc2 Qe6 17. Ne3 Kg7 18. Rc1 Rc8 19. Ne4 Nxe4 20. Bxe4 b4 21. a4 Na5 22. Rxc8 Bxc8 23. Bd5 Qh3 24. Qc2 Be6 25. Bxe6 Qxe6 26. Nc4 Rc7 27. Qd1 Nxc4 28. dxc4 a5 29. Qd3 Rd7 30. Rd1 Bg5 31. e4 Bf6 32. Kg2 h5 33. Qf3 Kf8 34. Rd5 Ra7 35. Qe3 Ra6 36. Rb5 Ke7 37. Rb7+ Ke8 38. Qh6 Ra8 39. Bc1 Kd8 40. Qf8+ 1-0